00818cam a22002531 45000010008000000030004000080050017000120080041000290100017000700150014000870350019001010400024001200500015001440820017001591000045001762450073002212600053002943000039003474400063003865040029004496500028004786500031005066500027005376509846OSt20230619105408.0760217s1952 enkb 001 0 eng  a 53029205  aGB54-4846 a(OCoLC)1997843 aDLCcKyLoUdUkdDLC00aDT429b.P7 a572.967bVAN1 aPrins, A. H. J.q(Adriaan Hendrik Johan)14aThe coastal tribes of the North-Eastern Bantu (Pokomo, Nyika, Teita) aLondon,bInternational African Institute,c1952. a138 p.bfold. map. diagrs.c24 cm. 0aEthnographic survey of Africa: East Central Africa,vpt. 3 aIncludes bibliographies. 0aPokomo (African people) 0aMijikenda (African people) 0aTaita (African people)